Also Innovators (Record no. 350984)
[ view plain ]
| 000 -LEADER | |
|---|---|
| fixed length control field | 00688nam a2200133Ia 4500 |
| 008 - FIXED-LENGTH DATA ELEMENTS--GENERAL INFORMATION | |
| fixed length control field | 171212s9999 xx 000 0 und d |
| 020 ## - INTERNATIONAL STANDARD BOOK NUMBER | |
| International Standard Book Number | 9781760460549 |
| 100 ## - MAIN ENTRY--PERSONAL NAME | |
| Personal name | Yardley, Christopher B. |
| 245 ## - TITLE STATEMENT | |
| Statement of responsibility, etc | Yardley, Christopher B. |
| Title | Also Innovators |
| Remainder of title | How one computer salesman contributed to the digital revolution |
| 260 ## - PUBLICATION, DISTRIBUTION, ETC. (IMPRINT) | |
| Name of publisher, distributor, etc | ANU E Press |
| Date of publication, distribution, etc | 2016 |
| 650 ## - SUBJECT ADDED ENTRY--TOPICAL TERM | |
| Topical term or geographic name as entry element | Computer industry -- Technological innovations; Computer industry -- Employees -- Effect of technological innovations on; Technological innovations; Selling -- Computers; Airlines -- Computer-aided design -- History; IBM computers -- History; Unisys compu |
| 650 ## - SUBJECT ADDED ENTRY--TOPICAL TERM | |
| Topical term or geographic name as entry element | Technology |
| 856 ## - ELECTRONIC LOCATION AND ACCESS | |
| Uniform Resource Identifier | <a href="http://jstor.org/stable/j.ctt1rqc9br">http://jstor.org/stable/j.ctt1rqc9br</a> |
| Withdrawn status | Lost status | Damaged status | Home library | Current library | Date acquired | Total Checkouts | Date last seen | Price effective from | Koha item type |
|---|---|---|---|---|---|---|---|---|---|
| College Library | College Library | 12/12/2017 | 12/12/2017 | 12/12/2017 | Curriculum - Based eBooks |